Statistiques concernant Culture Générale - Série 511

Cliquez ici pour prendre le quiz!

Statistiques générales

  • Ce quiz a été pris 177 fois
  • Le résultat moyen est 8 sur 10

Statistiques - réponses

QuestionRéponse% Correct
De quel pays européen la Toscane est-elle l'une des principales régions ?Italie
99%
Le 8 de quel mois célèbre-t-on la Journée internationale des femmes ?Mars
97%
De quel cow-boy de bande dessinée dit-on qu'il "tire plus vite que son ombre" ?Lucky Luke
94%
De quel océan la mer de Corail fait-elle partie ?océan Pacifique
94%
Dans quel pays vous trouvez-vous si vous passez vos vacances à Pondichéry ?Inde
83%
Chez les scouts, quel nom d'animal donne-t-on aux garçons âgés de 8 à 11 ans ?Louveteau
79%
De quelle dynastie de rois Pépin le Bref est-il le fondateur ?Carolingiens
74%
Lors de quel conflit se déroule l'action du film "Platoon" ?Guerre du Vietnam
72%
En ski alpin, quelle technique de freinage apprend-on aux débutants ?chasse-neige
70%
Avec Corine Marienneau, Richard Kolinka et Jean-Louis Aubert, qui était le quatrième membre du groupe Téléphone ?Louis Bertignac
46%

Distribution des résultats

Percentile par nombre de réponses

% des personnes avec chaque résultat

Votre développement - résultats

Vous n’avez pas pris ce quiz